000 00516ntaaa2200181 4500
003 01
005 20251027201549.0
008 0714s1973 ag 01
040 _aAR-BaBN
_bspa
_cAR-BaBN
_eaacr
_dRIC
082 _a230.0000 C12
100 _aCalvin, John
_911868
245 _aOn the Christian Faith; selections from the Institutes, Commentaries, and Tracts.
250 _a1 ed. :
_bBobbs Merrill Co.,
_cc/957
300 _axxxiii, 219 p.
500 _a(Library of Liberal Arts)
650 _aTeologĂ­a
942 _cBK
999 _c10260
_d10260